| 000 | 01060cam a2200301 a 4500 | ||
|---|---|---|---|
| 001 | 17379199 | ||
| 005 | 20170105102855.0 | ||
| 008 | 120709s2012 nbua b 001 0 eng | ||
| 010 | _a 2012027534 | ||
| 020 | _a9780803243965 (pbk. : alk. paper) | ||
| 040 |
_aDLC _cDLC _dDLC |
||
| 042 | _apcc | ||
| 043 | _an-us--- | ||
| 050 | 0 | 0 |
_aE181 _b.T54 2012 |
| 082 | 0 | 0 |
_a355.00973 _223 |
| 100 | 1 |
_aTierney, Dominic, _d1977- |
|
| 245 | 1 | 0 |
_aHow we fight : _bcrusades, quagmires, and the American way of war / _cDominic Tierney. |
| 260 |
_aLincoln : _bUniversity of Nebraska Press, _c[2012]. |
||
| 300 |
_avii, 342 p. : _bill. ; _c23 cm. |
||
| 504 | _aIncludes bibliographical references (p. 305-329) and index. | ||
| 650 | 0 |
_aWar _xPublic opinion. |
|
| 650 | 0 |
_aPublic opinion _zUnited States. |
|
| 650 | 0 | _aNational characteristics, American. | |
| 651 | 0 |
_aUnited States _xHistory, Military. |
|
| 906 |
_a7 _bcbc _corignew _d1 _eecip _f20 _gy-gencatlg |
||
| 942 |
_2ddc _cBK |
||
| 999 |
_c14439 _d14439 |
||